Les misésrables

Đã lưu trong:
书目详细资料
主要作者: Victor Hugo
格式: 图书
语言:Undetermined
出版: London Everyman's Library 1998
主题:
标签: 添加标签
没有标签, 成为第一个标记此记录!
Thư viện lưu trữ: Trung tâm Học liệu Trường Đại học Cần Thơ
LEADER 00478nam a2200169Ia 4500
001 CTU_46797
008 210402s9999 xx 000 0 und d
082 |a 843.7 
082 |b H895 
100 |a Victor Hugo 
245 0 |a Les misésrables 
245 0 |c Victor Hugo; Dịch giả: Charles E Wilbour 
260 |a London 
260 |b Everyman's Library 
260 |c 1998 
650 |a french literature - 19th century 
980 |a Trung tâm Học liệu Trường Đại học Cần Thơ